Methylglyoxal induces retinopathy-type lesions in the absence of hyperglycemia: studies in a rat model

The aim of this study was to evaluate whether damage to the neurovascular unit in diabetes depends on reactive metabolites such as methylglyoxal (MG), and to assess its impact on retinal gene expression. Male Wistar rats were supplied with MG (50 mM) by drinking water and compared with age-matched s...

Full description

Saved in:
Bibliographic Details
Main Authors: Schlotterer, Andrea (Author) , Kolibabka, Matthias (Author) , Lin, Jihong (Author) , Dietrich, Nadine (Author) , Sticht, Carsten (Author) , Fleming, Thomas (Author) , Nawroth, Peter Paul (Author) , Hammes, Hans-Peter (Author)
Format: Article (Journal)
Language:English
Published: 27 Feb 2019
In: The FASEB journal
Year: 2019, Volume: 33, Issue: 3, Pages: 4141-4153
ISSN:1530-6860
DOI:10.1096/fj.201801146RR
Online Access:Verlag, Volltext: https://doi.org/10.1096/fj.201801146RR
Verlag, Volltext: https://www.fasebj.org/doi/10.1096/fj.201801146RR
Get full text
Author Notes:Andrea Schlotterer, Matthias Kolibabka, Jihong Lin, Kübra Acunman, Nadine Dietrich, Carsten Sticht, Thomas Fleming, Peter Nawroth, Hans-Peter Hammes

MARC

LEADER 00000caa a2200000 c 4500
001 1662623607
003 DE-627
005 20220816124231.0
007 cr uuu---uuuuu
008 190401s2019 xx |||||o 00| ||eng c
024 7 |a 10.1096/fj.201801146RR  |2 doi 
035 |a (DE-627)1662623607 
035 |a (DE-599)KXP1662623607 
035 |a (OCoLC)1341205902 
040 |a DE-627  |b ger  |c DE-627  |e rda 
041 |a eng 
084 |a 33  |2 sdnb 
100 1 |a Schlotterer, Andrea  |d 1971-  |e VerfasserIn  |0 (DE-588)1072656302  |0 (DE-627)827960549  |0 (DE-576)434161705  |4 aut 
245 1 0 |a Methylglyoxal induces retinopathy-type lesions in the absence of hyperglycemia  |b studies in a rat model  |c Andrea Schlotterer, Matthias Kolibabka, Jihong Lin, Kübra Acunman, Nadine Dietrich, Carsten Sticht, Thomas Fleming, Peter Nawroth, Hans-Peter Hammes 
264 1 |c 27 Feb 2019 
300 |a 13 
336 |a Text  |b txt  |2 rdacontent 
337 |a Computermedien  |b c  |2 rdamedia 
338 |a Online-Ressource  |b cr  |2 rdacarrier 
500 |a Gesehen am 01.04.2019 
520 |a The aim of this study was to evaluate whether damage to the neurovascular unit in diabetes depends on reactive metabolites such as methylglyoxal (MG), and to assess its impact on retinal gene expression. Male Wistar rats were supplied with MG (50 mM) by drinking water and compared with age-matched streptozotocin-diabetic animals and untreated controls. Retinal damage was evaluated for the accumulation of MG-derived advanced glycation end products, changes in hexosamine and PKC pathway activation, microglial activation, vascular alterations (pericyte loss and vasoregression), neuroretinal function assessed by electroretinogram, and neurodegeneration. Retinal gene regulation was studied by microarray analysis, and transcription factor involvement was identified by upstream regulator analysis. Systemic application of MG by drinking water increased retinal MG to levels comparable with diabetic animals. Elevated retinal MG resulted in MG-derived hydroimidazolone modifications in the ganglion cell layer, inner nuclear layer, and outer nuclear layer, a moderate activation of the hexosamine pathway, a pan-retinal activation of microglia, loss of pericytes, increased formation of acellular capillaries, decreased function of bipolar cells, and increased expression of the crystallin gene family. MG mimics important aspects of diabetic retinopathy and plays a pathogenic role in microglial activation, vascular damage, and neuroretinal dysfunction. In response to MG, the retina induces expression of neuroprotective crystallins.—Schlotterer, A., Kolibabka, M., Lin, J., Acunman, K., Dietrich, N., Sticht, C., Fleming, T., Nawroth, P., Hammes, H.-P. Methylglyoxal induces retinopathy-type lesions in the absence of hyperglycemia: studies in a rat model. 
700 1 |a Kolibabka, Matthias  |d 1989-  |e VerfasserIn  |0 (DE-588)1078055289  |0 (DE-627)837983169  |0 (DE-576)448887258  |4 aut 
700 1 |a Lin, Jihong  |d 1962-  |e VerfasserIn  |0 (DE-588)130655554  |0 (DE-627)505290995  |0 (DE-576)298325020  |4 aut 
700 1 |a Dietrich, Nadine  |d 1977-  |e VerfasserIn  |0 (DE-588)1072657120  |0 (DE-627)827961278  |0 (DE-576)434162302  |4 aut 
700 1 |a Sticht, Carsten  |d 1972-  |e VerfasserIn  |0 (DE-588)1020115718  |0 (DE-627)691110077  |0 (DE-576)250042177  |4 aut 
700 1 |a Fleming, Thomas  |d 1982-  |e VerfasserIn  |0 (DE-588)1034445294  |0 (DE-627)745607365  |0 (DE-576)382066804  |4 aut 
700 1 |a Nawroth, Peter Paul  |d 1954-  |e VerfasserIn  |0 (DE-588)1020504897  |0 (DE-627)69123941X  |0 (DE-576)360517692  |4 aut 
700 1 |a Hammes, Hans-Peter  |d 1955-  |e VerfasserIn  |0 (DE-588)102028353X  |0 (DE-627)691169772  |0 (DE-576)360007252  |4 aut 
773 0 8 |i Enthalten in  |a Federation of American Societies for Experimental Biology  |t The FASEB journal  |d Hoboken, NJ : Wiley, 1987  |g 33(2019), 3, Seite 4141-4153  |h Online-Ressource  |w (DE-627)266889816  |w (DE-600)1468876-1  |w (DE-576)075962527  |x 1530-6860  |7 nnas 
773 1 8 |g volume:33  |g year:2019  |g number:3  |g pages:4141-4153  |g extent:13  |a Methylglyoxal induces retinopathy-type lesions in the absence of hyperglycemia studies in a rat model 
856 4 0 |u https://doi.org/10.1096/fj.201801146RR  |x Verlag  |x Resolving-System  |3 Volltext 
856 4 0 |u https://www.fasebj.org/doi/10.1096/fj.201801146RR  |x Verlag  |3 Volltext 
951 |a AR 
992 |a 20190401 
993 |a Article 
994 |a 2019 
998 |g 102028353X  |a Hammes, Hans-Peter  |m 102028353X:Hammes, Hans-Peter  |d 60000  |d 61400  |e 60000PH102028353X  |e 61400PH102028353X  |k 0/60000/  |k 1/60000/61400/  |p 9  |y j 
998 |g 1020504897  |a Nawroth, Peter Paul  |m 1020504897:Nawroth, Peter Paul  |d 910000  |d 910100  |e 910000PN1020504897  |e 910100PN1020504897  |k 0/910000/  |k 1/910000/910100/  |p 8 
998 |g 1034445294  |a Fleming, Thomas  |m 1034445294:Fleming, Thomas  |d 910000  |d 910100  |e 910000PF1034445294  |e 910100PF1034445294  |k 0/910000/  |k 1/910000/910100/  |p 7 
998 |g 1020115718  |a Sticht, Carsten  |m 1020115718:Sticht, Carsten  |d 60000  |d 999811  |e 60000PS1020115718  |e 999811PS1020115718  |k 0/60000/  |k 1/60000/999811/  |p 6 
998 |g 1072657120  |a Dietrich, Nadine  |m 1072657120:Dietrich, Nadine  |d 60000  |d 61400  |e 60000PD1072657120  |e 61400PD1072657120  |k 0/60000/  |k 1/60000/61400/  |p 5 
998 |g 130655554  |a Lin, Jihong  |m 130655554:Lin, Jihong  |d 60000  |d 61400  |e 60000PL130655554  |e 61400PL130655554  |k 0/60000/  |k 1/60000/61400/  |p 3 
998 |g 1078055289  |a Kolibabka, Matthias  |m 1078055289:Kolibabka, Matthias  |d 60000  |d 61400  |e 60000PK1078055289  |e 61400PK1078055289  |k 0/60000/  |k 1/60000/61400/  |p 2 
998 |g 1072656302  |a Schlotterer, Andrea  |m 1072656302:Schlotterer, Andrea  |d 60000  |d 61400  |e 60000PS1072656302  |e 61400PS1072656302  |k 0/60000/  |k 1/60000/61400/  |p 1  |x j 
999 |a KXP-PPN1662623607  |e 341763198X 
BIB |a Y 
SER |a journal 
JSO |a {"name":{"displayForm":["Andrea Schlotterer, Matthias Kolibabka, Jihong Lin, Kübra Acunman, Nadine Dietrich, Carsten Sticht, Thomas Fleming, Peter Nawroth, Hans-Peter Hammes"]},"relHost":[{"pubHistory":["1.1987 -"],"titleAlt":[{"title":"Journal"}],"origin":[{"publisher":"Wiley ; FASEB","dateIssuedDisp":"1987-","dateIssuedKey":"1987","publisherPlace":"Hoboken, NJ ; Bethesda, Md."}],"physDesc":[{"extent":"Online-Ressource"}],"corporate":[{"display":"Federation of American Societies for Experimental Biology","role":"aut"}],"title":[{"title":"The FASEB journal","subtitle":"the journal of the Federation of American Societies for Experimental Biology","title_sort":"FASEB journal"}],"recId":"266889816","part":{"issue":"3","text":"33(2019), 3, Seite 4141-4153","pages":"4141-4153","extent":"13","year":"2019","volume":"33"},"disp":"Federation of American Societies for Experimental BiologyThe FASEB journal","type":{"bibl":"periodical","media":"Online-Ressource"},"language":["eng"],"id":{"eki":["266889816"],"zdb":["1468876-1"],"doi":["10.1096/(ISSN)1530-6860"],"issn":["1530-6860"]},"note":["Gesehen am 12.05.2020","Fortsetzung der Druck-Ausgabe"]}],"note":["Gesehen am 01.04.2019"],"title":[{"subtitle":"studies in a rat model","title":"Methylglyoxal induces retinopathy-type lesions in the absence of hyperglycemia","title_sort":"Methylglyoxal induces retinopathy-type lesions in the absence of hyperglycemia"}],"language":["eng"],"id":{"doi":["10.1096/fj.201801146RR"],"eki":["1662623607"]},"person":[{"role":"aut","display":"Schlotterer, Andrea","family":"Schlotterer","given":"Andrea"},{"display":"Kolibabka, Matthias","family":"Kolibabka","given":"Matthias","role":"aut"},{"family":"Lin","given":"Jihong","display":"Lin, Jihong","role":"aut"},{"family":"Dietrich","given":"Nadine","display":"Dietrich, Nadine","role":"aut"},{"given":"Carsten","family":"Sticht","display":"Sticht, Carsten","role":"aut"},{"display":"Fleming, Thomas","given":"Thomas","family":"Fleming","role":"aut"},{"display":"Nawroth, Peter Paul","given":"Peter Paul","family":"Nawroth","role":"aut"},{"role":"aut","display":"Hammes, Hans-Peter","family":"Hammes","given":"Hans-Peter"}],"recId":"1662623607","physDesc":[{"extent":"13 S."}],"origin":[{"dateIssuedKey":"2019","dateIssuedDisp":"27 Feb 2019"}],"type":{"media":"Online-Ressource","bibl":"article-journal"}} 
SRT |a SCHLOTTEREMETHYLGLYO2720